Datum a čas kvízu
31.5
Celkem bodů
Celkový počet nahraných bodů na tomto kvízu bez doplňovacích otázek.
8.
Pořadí na kvízu
Konečné umístění týmu na tomto kvízu.
Zaznamenané odpovědi
| # | Otázka | Odpověď | Body | Výsledky |
|---|---|---|---|---|
| 1. | Která postava má svou sněhovou... | Krakonoš | 1 | |
| 2. | V bavorském městečku Burgsinn... | Penny | 1 | |
| 3. | Minulý týden potvrdili konec s... | David Prachař; Linda Rybová | 0 | |
| 4. | Za co hrozí hostům jednoho hot... | A | 1 | |
| 5. | Minulý týden proběhl nejdražší... | Matyáš Vojta | 0 | |
| 6. | Frank Lloyd Wright bývá označo... | Guggenheimovo muzeum | 0 | |
| 7. | Seřaďte uvedené události od té... | 1D 2B 3C 4A | 0 | |
| 8. | Jak se jmenuje tato americká h... | Beastie Boys; No Sleep till Brooklyn | 0 | |
| 9. | Turisté v NYC míří nejen do di... | 1A 2D 3C 4B | 1 | |
| 10. | Jak se jmenuje fiktivní město,... | Gotham (City); Bronx | 0.5 |